000 00494nam a2200181Ia 4500
008 100917s9999 xx 000 0 und d
082 _b18722
100 _aआपटे दत्तात्रय अनंत
245 _aकवि चरित्र
260 _b---
_c1807
300 _a168
365 _b0.1
520 _aचरित्र
630 _aकवि चरित्र
650 _aचरित्र
730 _aकवि चरित्र
942 _cBOOK
999 _c624116
_d624113